| 000 | 01775nam a2200433 i 4500 | ||
|---|---|---|---|
| 001 | 200463968 | ||
| 003 | TR-AnTOB | ||
| 005 | 20250620074107.0 | ||
| 007 | ta | ||
| 008 | 250217s2024 tu 000 m tur d | ||
| 020 |
_a9786057912428 _q(paperback) |
||
| 035 | _a(TR-AnTOB)200463968 | ||
| 040 |
_aTR-AnTOB _beng _erda _cTR-AnTOB |
||
| 041 | 0 | _atur | |
| 050 | 4 |
_aPL232 _b.H37 2024 |
|
| 090 |
_aPL232 _b.H37 2024 |
||
| 245 | 0 | 0 |
_aHasat zamanı : _bdeneme-hikâye-şiir / _cyayın yönetmeni Zeynep Türksoy İlhan ; yayın koordinatörü Ayşe Akay ; editörler Ayla Burçin Kahraman [and eight others]. |
| 250 | _aBirinci basım. | ||
| 264 | 1 |
_aAnkara : _bTürkiye Yazarlar Birliği Yayınları, _c2024. |
|
| 300 |
_a199 pages ; _c21 cm |
||
| 336 |
_atext _btxt _2rdacontent |
||
| 337 |
_aunmediated _bn _2rdamedia |
||
| 338 |
_avolume _bnc _2rdacarrier |
||
| 490 | 0 |
_aTürkiye Yazarlar Birliği Yayınları ; _v132 |
|
| 650 | 7 |
_aTürk edebiyatı _2etuturkob _986354 |
|
| 650 | 7 |
_aTürk denemeleri _2etuturkob _97069 |
|
| 650 | 7 |
_aKısa hikayeler, Türk _2etuturkob _948475 |
|
| 650 | 7 |
_aTürk şiiri _2etuturkob _984273 |
|
| 700 | 1 |
_aTürksoy İlhan, Zeynep _epublishing director _9148131 |
|
| 700 | 1 |
_aAkay, Ayşe _epublishing director _9148132 |
|
| 700 | 1 |
_aKahraman, Ayla Burçin _eeditor _9148133 |
|
| 710 |
_aAnkara (Türkiye). _bValilik _9118607 |
||
| 710 | 2 |
_aTürkiye Yazarlar Birliği _eissuing body _951620 |
|
| 710 | 2 |
_aAnkara Sosyal Bilimler Üniversitesi _9148128 |
|
| 710 | 2 |
_aBilge Yazarlar Yazarlık Atölyesi _bTohum Grubu _9148129 |
|
| 856 | 4 | 0 |
_3Also available online _zOnline access link to the resource _uhttp://bilgeyazarlar.com.tr/dokumanlar/fc05d0a4e4814386981723b4e8b254a6Hasat%20Zaman%C4%B1.pdf |
| 942 |
_2lcc _cBK |
||
| 999 |
_c200463968 _d82180 |
||